Terribly Spelled Words #1 - Statistics

General Stats
  • This quiz has been taken 45 times
  • The average score is 17 of 20
Answer Stats
Misspelled Word Actual Word % Correct
Illektron Electron
100%
Ixplohsifve Explosive
100%
Katuhpullt Catapult
98%
Dooplakate Duplicate
98%
Ohverwellm Overwhelm
98%
Kwicksand Quicksand
98%
Dikshunairey Dictionary
95%
Vulhkanick Volcanic
93%
Opohnint Opponent
88%
Distruktshun Destruction
86%
Etaquit Etiquette
86%
Tairitouriul Territorial
86%
Soonamy Tsunami
86%
Warirlpul Whirlpool
86%
Vhenjince Vengeance
84%
Barrnuhcl Barnacle
81%
Asthetik Aesthetic
74%
Eelektrohckoot Electrocute
70%
Qing Queueing
35%
Steilthlie Stealthly
16%
No matching quizzes found
Score Distribution
Percent of People with Each Score
Percentile by Number Answered
Your Score History
You have not taken this quiz